[Event "Tourn. n8128"]
[Site "www.chess-mail.com"]
[Date "2015.03.29"]
[Round "1"]
[White "Wildtiger"]
[Black "Hansen"]
[WhiteElo "1539"]
[BlackElo "1450"]
[Result "1-0"]
[Round "1"]
1.e4 d5
2.Ng1f3 dxe4
3.Nf3g5 Ng8h6
4.Bf1c4 e6
5.O-O Nh6g4
6.Qd1xg4 Nb8c6
7.Nb1c3 Qd8f6
8.f3 Nc6d4
9.fxe4 Qf6g6
10.Bc4d3 e5
11.Qg4g3 Bf8e7
12.Ng5xf7 Rh8f8
13.Nc3d5 Nd4e6
14.Nf7xe5 c6
15.Ne5xg6 hxg6
16.Rf1xf8 Kxf8
17.Nd5xe7 Kxe7
18.Qg3h4 g5
19.Qh4h7 Bc8d7
20.Bd3c4 Ra8f8
21.Bc4xe6 Bd7xe6
22.Qh7xg7 Rf8f7
23.Qg7xg5 Kd7
24.d3 b6
25.Bc1f4 Kc8
26.Qg5e5 Rf7e7
27.Qe5h8 Kb7
28.Qh8b8 Ka6
29.c4 c5
30.Bf4d6 Re7b7
31.Qb8e8 Be6d7
32.Qe8e5 Bd7c6
33.h4 b5
34.Qe5xc5 Bc6d7
35.a4 b4
36.Bd6f4 Rb7b6
37.h5 b3
38.Bf4c7 { resign }
1-0

[Event "Tourn. n8050"]
[Site "www.chess-mail.com"]
[Date "2015.03.29"]
[Round "1"]
[White "Oxycontin"]
[Black "Luban"]
[WhiteElo "2030"]
[BlackElo "2040"]
[Result "1/2-1/2"]
[Round "1"]
1.Ng1f3 d5
2.c4 e6
3.cxd5 exd5
4.d4 h6
5.Nb1c3 Ng8f6
6.e3 a6
7.Bf1d3 Bc8e6
8.O-O c5
9.dxc5 Bf8xc5
10.Nf3d4 Bc5xd4
11.exd4 Nb8c6
12.Rf1e1 Nc6xd4
13.Qd1a4 Nd4c6
14.Bd3f5 Qd8d7
15.Qa4f4 O-O
16.Bf5xe6 fxe6
17.Qf4g3 Kh8
18.Qg3h3 Ra8e8
19.b3 Rf8f7
20.Bc1b2 e5
21.Qh3xd7 Rf7xd7
22.Nc3a4 d4
23.Na4c5 Rd7f7
24.Ra1d1 Kh7
25.Nc5e4 Nf6xe4
26.Re1xe4 Rf7e7
27.Bb2a3 Re7e6
28.Rd1d3 b5
29.Ba3c5 Nc6b8
30.Bc5b4 Nb8d7
31.f4 exf4
32.Re4xe6 Re8xe6
33.Rd3xd4 Nd7f6
34.Rd4xf4 Nf6d5
35.Rf4d4 Nd5xb4
36.Rd4xb4 Re6e2
{ draw }
1/2-1/2

[Event "Tourn. n8113"]
[Site "www.chess-mail.com"]
[Date "2015.03.29"]
[Round "1"]
[White "Aperturaf"]
[Black "Woodpusher2"]
[WhiteElo "2420"]
[BlackElo "2570"]
[Result "1/2-1/2"]
[Round "1"]
1.e4 c5
2.Ng1f3 g6
3.d4 Bf8g7
4.c4 Qd8a5
5.Bc1d2 Qa5b6
6.Bd2c3 Nb8c6
7.d5 Nc6d4
8.Nb1d2 d6
9.h3 e5
10.Bf1d3 Ng8f6
11.Nd2b3 a5
12.O-O O-O
13.Ra1b1 a4
14.Nb3xd4 cxd4
15.Bc3d2 Nf6d7
16.Bd3c2 Qb6c7
17.b3 axb3
18.axb3 b6
19.Rb1a1 Bc8a6
20.Qd1e2 Rf8b8
21.Ra1c1 Bg7f8
22.Rf1e1 b5
23.cxb5 Ba6xb5
24.Bc2d3 Bb5xd3
25.Qe2xd3 Qc7b7
26.b4 Qb7a6
27.Qd3xa6 Ra8xa6
28.Rc1c7 Nd7f6
29.g4 h6
30.Kg2 Ra6a2
31.Rc7c6 g5
32.Kh2 Rb8b7
33.Kg3 Bf8e7
34.Rc6c1 Ra2b2
35.Rc1c4 Kh7
36.Kh2 Kg7
37.Kg3 Rb7a7
38.Bd2c1 Rb2b3
39.Kg2 Ra7b7
40.Bc1d2 Rb3b2
{ draw }
1/2-1/2

[Event "Tourn. n8103"]
[Site "www.chess-mail.com"]
[Date "2015.03.29"]
[Round "1"]
[White "Maredocla"]
[Black "Umzi"]
[WhiteElo "2040"]
[BlackElo "2080"]
[Result "0-1"]
[Round "1"]
1.e4 d5
2.exd5 Qd8xd5
3.Nb1c3 Qd5a5
4.d3 c6
5.Bc1d2 Qa5c7
6.Qd1f3 Ng8f6
7.Bd2f4 e5
8.Bf4g3 Bf8c5
9.h3 O-O
10.O-O-O Bc5d6
11.Nc3e4 Nb8d7
12.h4 Nf6xe4
13.dxe4 Nd7f6
14.Qf3d3 Bd6c5
15.Ng1f3 Nf6g4
16.Qd3e2 Qc7a5
17.Kb1 Bc8e6
18.b3 Ra8d8
19.Nf3g5 Rd8xd1
20.Qe2xd1 Rf8d8
21.Qd1f3 Qa5e1
22.Kb2 Rd8d1
{ resign }
0-1

[Event "Tourn. n8132"]
[Site "www.chess-mail.com"]
[Date "2015.03.29"]
[Round "1"]
[White "Bigoak"]
[Black "Picifarkinca"]
[WhiteElo "1920"]
[BlackElo "1930"]
[Result "0-1"]
[Round "1"]
1.e4 e6
2.d4 c5
3.Ng1f3 cxd4
4.Nf3xd4 a6
5.Nb1c3 Qd8c7
6.Bc1e3 Nb8c6
7.Bf1e2 Bf8e7
8.Qd1d2 d6
9.O-O-O Ng8f6
10.g4 Nf6d7
11.Kb1 b5
12.Be2d3 Nc6e5
13.Bd3e2 Ne5c4
14.Be2xc4 Qc7xc4
15.Qd2d3 Nd7e5
16.Qd3e2 Bc8b7
17.f3 Ra8c8
18.h3 b4
19.Qe2xc4 Ne5xc4
20.Be3f2 bxc3
21.bxc3 O-O
22.f4 Bb7xe4
23.Nd4b3 Be4xh1
{ resign }
0-1

[Event "Tourn. n7963"]
[Site "www.chess-mail.com"]
[Date "2015.03.29"]
[Round "1"]
[White "Nimzo"]
[Black "Fanny33"]
[WhiteElo "2680"]
[BlackElo "2700"]
[Result "1/2-1/2"]
[Round "1"]
1.d4 f5
2.g3 Ng8f6
3.Bf1g2 g6
4.Ng1f3 Bf8g7
5.O-O O-O
6.c4 d6
7.Nb1c3 c6
8.b3 Nb8a6
9.Bc1b2 Qd8c7
10.d5 e5
11.dxe6 Bc8xe6
12.Nf3g5 Be6d7
13.Qd1c2 Ra8d8
14.Ra1d1 Na6c5
15.e3 a5
16.Nc3e2 Bd7c8
17.h3 Rf8e8
18.Bb2d4 Nf6d7
19.Bd4xg7 Kxg7
20.a3 h6
21.Ng5f3 Nd7f6
22.b4 Nc5e4
23.Nf3d2 Bc8e6
24.Nd2xe4 fxe4
25.Rd1d4 axb4
26.axb4 Qc7f7
27.Rf1c1 Kg8
28.b5 cxb5
29.cxb5 Rd8c8
30.Qc2b2 Rc8xc1
31.Qb2xc1 d5
32.Rd4d2 Qf7d7
33.Ne2f4 g5
34.Nf4xe6 Re8xe6
35.Bg2f1 Re6e7
36.Qc1c5 Qd7c7
37.Qc5b4 Kf7
38.Rd2a2 Qc7b6
39.Ra2a8 Re7d7
40.Bf1e2 Kg6
41.Be2g4 Nf6xg4
{ draw }
1/2-1/2

[Event "Tourn. n8051"]
[Site "www.chess-mail.com"]
[Date "2015.03.29"]
[Round "1"]
[White "Sontuozio"]
[Black "Difficult"]
[WhiteElo "2180"]
[BlackElo "2060"]
[Result "1-0"]
[Round "1"]
1.d4 Ng8f6
2.Ng1f3 e6
3.e3 d5
4.Bf1d3 c5
5.c3 Nb8c6
6.Nb1d2 Bf8d6
7.O-O O-O
8.a3 b6
9.Qd1e2 Bc8b7
10.b4 c4
11.Bd3c2 b5
12.e4 Nf6xe4
13.Nd2xe4 dxe4
14.Qe2xe4 g6
15.Qe4g4 Nc6e7
16.Bc1g5 Qd8d7
17.Bg5f6 Ne7d5
18.Bf6g5 Rf8e8
19.Bg5d2 Nd5f6
20.Qg4h3 Bb7xf3
21.Qh3xf3 Bd6e7
22.a4 a5
23.axb5 Nf6d5
24.bxa5 { resign }
1-0

[Event "Match"]
[Site "www.echecsemail.com"]
[Date "2015.03.29"]
[Round "1"]
[White "Generalfree"]
[Black "Llord"]
[WhiteElo "1750"]
[BlackElo "1780"]
[Result "0-1"]
[Round "1"]
1.d4 e6
2.c4 d5
3.c5 Nb8c6
4.a3 Ng8f6
5.g3 Bf8e7
6.b4 O-O
7.Nb1c3 e5
8.e3 exd4
9.exd4 Bc8g4
10.f3 Bg4h5
11.Bf1g2 Nf6e4
12.Nc3xe4 dxe4
13.g4 Bh5g6
14.Bc1b2 exf3
15.Bg2xf3 Be7f6
16.Bf3xc6 bxc6
17.Ng1f3 Bg6e4
18.Rh1f1 Be4xf3
19.Rf1xf3 Qd8d5
20.Rf3f5 Qd5h1
21.Rf5f1 Rf8e8
22.Kd2 Qh1xh2
23.Kc3 Qh2g3
24.Kc4 Ra8d8
25.Qd1f3 Qg3h2
26.Rf1f2 Qh2h6
27.Qf3xc6 Qh6e3
28.Rf2xf6 Qe3e2
29.Kb3 Qe2d3
30.Ka4 Qd3c2
31.Ka5 Qc2xb2
32.Rf6f1 Qb2xd4
33.Rf1d1 Qd4f6
34.Qc6xc7 Rd8xd1
35.Ra1xd1 g6
36.Qc7xa7 Qf6b2
37.Kb6 Re8e6
38.Rd1d6 Re6e3
39.Rd6d8 Kg7
40.Rd8a8 Re3e6
41.Kb5 Qb2e2
42.Ka5 Qe2xg4
43.Ra8c8 Qg4f3
44.a4 h5
45.Qa7d7 h4
46.Qd7d8 Qf3h5
47.Qd8g8 Kf6
48.Rc8c7 Re6e7
49.Qg8d8 Qh5e5
50.Qd8d6 Re7e6
51.Qd6f8 Qe5xc7
52.Kb5 Qc7c6
{ resign }
0-1

[Event "Match"]
[Site "www.echecsemail.com"]
[Date "2015.03.29"]
[Round "1"]
[White "Generalfree"]
[Black "F14"]
[WhiteElo "1790"]
[BlackElo "1890"]
[Result "0-1"]
[Round "1"]
1.e4 e5
2.Ng1f3 Ng8f6
3.d3 Nb8c6
4.c3 Bf8e7
5.h3 O-O
6.Bc1g5 Nf6h5
7.Bg5xe7 Qd8xe7
8.g4 Nh5f6
9.Bf1e2 d5
10.Nf3h4 dxe4
11.g5 exd3
12.Be2xd3 Nf6d5
13.Qd1f3 Qe7xg5
14.Nh4g2 Qg5c1
15.Qf3d1 Qc1xb2
16.Nb1d2 Qb2xc3
17.Bd3xh7 Kxh7
18.Ra1c1 Qc3d4
19.Rc1c4 Qd4b6
20.Rc4h4 Kg6
21.Qd1h5 Kf6
22.Qh5f3 Ke6
23.Qf3g4 Kd6
24.Nd2e4 Ke7
25.Qg4g5 Nd5f6
26.O-O Nc6d4
27.Qg5xe5 Nd4e6
28.Ne4g5 Qb6c5
29.Qe5xc5 Ne6xc5
30.Rh4c4 b6
31.Rf1e1 Bc8e6
32.Ng2f4 Rf8e8
33.Nf4xe6 fxe6
34.f4 Ra8d8
35.f5 Rd8d6
36.Ng5xe6 Nc5xe6
37.Rc4xc7 Rd6d7
38.Rc7c4 Rd7d6
39.Rc4c7 Rd6d7
40.Rc7c4 Kf8
41.Re1xe6 Re8xe6
42.fxe6 Rd7d6
43.e7 Kxe7
{ resign }
0-1

[Event "Match"]
[Site "www.echecsemail.com"]
[Date "2015.03.29"]
[Round "1"]
[White "Nozal"]
[Black "Generalfree"]
[WhiteElo "1890"]
[BlackElo "1660"]
[Result "0-1"]
[Round "1"]
1.e4 c5
2.d3 d5
3.f3 e6
4.b3 d4
5.Bc1d2 b6
6.c3 e5
7.Ng1e2 g6
8.f4 f6
9.g3 dxc3
10.Ne2xc3 Bc8b7
11.Bf1g2 Qd8xd3
12.Nc3d5 Bf8d6
13.Nb1c3 Bb7xd5
14.Nc3xd5 exf4
15.Bd2xf4 Qd3xd1
16.Ra1xd1 Kd7
17.Bg2h3 Kc6
 { time }
0-1

[Event "Match"]
[Site "www.echecsemail.com"]
[Date "2015.03.29"]
[Round "1"]
[White "Xandersonx"]
[Black "Generalfree"]
[WhiteElo "1689"]
[BlackElo "1850"]
[Result "1-0"]
[Round "1"]
1.e4 e5
2.Ng1f3 Nb8c6
3.c3 d5
4.Qd1e2 f6
5.d4 Bc8g4
6.h3 Bg4xf3
7.gxf3 exd4
8.Qe2b5 Ng8e7
9.Qb5xb7 Ra8b8
10.Qb7a6 Rb8b6
11.Qa6a4 Qd8b8
12.b3 dxc3
13.Nb1xc3 d4
14.Nc3d5 Ne7xd5
15.exd5 Bf8c5
16.dxc6 O-O
17.Qa4c4 Kh8
18.Qc4xc5 Qb8e8
19.Kd1 Rb6xc6
20.Qc5b4 Rc6b6
21.Qb4a3 Kg8
22.Bf1c4 Kh8
23.Rh1g1 h6
24.Bc1b2 Rb6b8
25.Bb2xd4 Rb8d8
26.Qa3xa7 Qe8h5
27.Rg1g3 c5
28.Qa7xg7 { resign }
1-0

[Event "Match"]
[Site "www.echecsemail.com"]
[Date "2015.03.29"]
[Round "1"]
[White "Difficult"]
[Black "Joseph1983"]
[WhiteElo "2080"]
[BlackElo "2140"]
[Result "0-1"]
[Round "1"]
1.d4 d5
2.c4 e6
3.Nb1c3 Ng8f6
4.cxd5 exd5
5.Bc1g5 Nb8d7
6.e3 c6
7.Bf1d3 Bf8d6
8.Ng1f3 h6
9.Bg5h4 O-O
10.O-O Rf8e8
11.Rf1e1 Qd8c7
12.Ra1c1 a6
13.Nc3a4 Nf6e4
14.Na4c3 Nd7f6
15.Bh4xf6 Ne4xf6
16.h3 Nf6e4
17.Qd1c2 Ne4xc3
18.Qc2xc3 Bc8e6
19.b4 Qc7d7
20.a3 Be6xh3
21.gxh3 Qd7xh3
22.Nf3e5 f6
23.Bd3f1 Qh3h5
24.Bf1e2 Qh5h3
25.Be2f1 Qh3h5
26.Bf1e2 Qh5g5
27.Kf1 fxe5
28.Be2f3 e4
29.Bf3g2 Re8e6
{ resign }
0-1

[Event "Match"]
[Site "www.echecsemail.com"]
[Date "2015.03.29"]
[Round "1"]
[White "Generalfree"]
[Black "Nestor"]
[WhiteElo "1810"]
[BlackElo "2050"]
[Result "0-1"]
[Round "1"]
1.e4 e5
2.Ng1f3 Nb8c6
3.Bf1b5 Ng8e7
4.O-O g6
5.c3 Bf8g7
6.d4 exd4
7.Nf3xd4 O-O
8.Nd4xc6 Ne7xc6
9.Bb5xc6 bxc6
10.Bc1e3 Bc8a6
11.Rf1e1 d5
12.exd5 cxd5
13.Be3d4 Qd8g5
14.Bd4xg7 Kxg7
15.Qd1d4 Kg8
16.f4 Qg5h4
17.g3 Qh4g4
18.Qd4xd5 Ra8b8
19.b4 Ba6b7
20.Qd5d3 Rb8d8
21.Qd3e3 Rd8d1
22.Re1xd1 Qg4xd1
23.Kf2 Bb7c6
24.b5 Rf8e8
25.bxc6 Re8xe3
26.Kxe3 Qd1c2
27.Kd4 Qc2b2
28.Nb1a3 Qb2xa1
{ resign }
0-1

[Event "Match"]
[Site "www.echecsemail.com"]
[Date "2015.03.29"]
[Round "1"]
[White "Wildtiger"]
[Black "Generalfree"]
[WhiteElo "1619"]
[BlackElo "1790"]
[Result "0-1"]
[Round "1"]
1.e4 e5
2.Ng1f3 Ng8f6
3.Nf3xe5 Nf6xe4
4.Bf1c4 d5
5.Qd1e2 f6
6.Qe2h5 g6
7.Ne5xg6 hxg6
8.Qh5xh8 dxc4
9.O-O b5
10.Rf1e1 Qd8d4
11.Qh8h4 f5
12.Nb1c3 Bf8e7
13.Re1xe4 fxe4
14.Nc3xe4 Be7xh4
15.d3 cxd3
16.cxd3 Qd4xd3
17.Bc1d2 Bc8f5
18.g3 Bf5xe4
19.Bd2e3 Bh4f6
{ resign }
0-1

[Event "Match"]
[Site "www.echecsemail.com"]
[Date "2015.03.29"]
[Round "1"]
[White "Difficult"]
[Black "Samael"]
[WhiteElo "1880"]
[BlackElo "2090"]
[Result "1/2-1/2"]
[Round "1"]
1.d4 d5
2.Nb1c3 e6
3.e4 dxe4
4.Nc3xe4 Bf8e7
5.Ng1f3 Ng8f6
6.Bf1d3 O-O
7.c3 Bc8d7
8.O-O Nb8c6
9.Qd1e2 h6
10.Ne4xf6 Be7xf6
11.Qe2e4 Rf8e8
12.b3 Kf8
13.Bc1a3 Bf6e7
14.Ba3xe7 Qd8xe7
15.Rf1e1 g6
16.Nf3e5 Ra8c8
17.Ne5xc6 Bd7xc6
18.Qe4e3 Kg7
19.Ra1d1 Rc8d8
20.Bd3e4 Bc6xe4
21.Qe3xe4 c6
22.h3 Qe7d6
23.Qe4e5 Qd6xe5
24.dxe5 Kf8
25.Kf1 Rd8d5
26.Rd1xd5 exd5
27.f4 h5
28.Kf2 Re8e6
29.g3 Ke7
30.Kf3 f5
31.exf6 Kxf6
32.Re1xe6 Kxe6
33.g4 hxg4
34.hxg4 b5
35.a3 a5
36.Ke3 c5
37.b4 axb4
38.axb4 d4
39.Kd3 dxc3
40.Kxc3 c4
41.Kd4 Kf6
42.Ke4 { draw }
1/2-1/2

[Event "Match"]
[Site "www.echecsemail.com"]
[Date "2015.03.29"]
[Round "1"]
[White "Pare123"]
[Black "F14"]
[WhiteElo "1950"]
[BlackElo "1860"]
[Result "1-0"]
[Round "1"]
1.c4 e5
2.a3 Ng8f6
3.Nb1c3 d5
4.cxd5 Nf6xd5
5.Qd1b3 c6
6.Ng1f3 Nd5xc3
7.Qb3xc3 Nb8d7
8.e4 Qd8c7
9.Bf1c4 Nd7f6
10.d3 Bf8d6
11.Nf3g5 O-O
12.h3 a6
13.b4 h6
14.Ng5f3 b5
15.Bc4b3 Bc8b7
16.Bc1b2 Rf8e8
17.O-O Ra8c8
18.Nf3h4 Rc8d8
19.Nh4f5 Rd8d7
20.Qc3d2 Bd6f8
21.f4 Re8d8
22.Rf1f3 c5
23.Bb2xe5 Qc7b6
24.Qd2f2 Rd7xd3
25.Be5xf6 Rd3xf3
26.gxf3 gxf6
27.Qf2g3 Kh7
28.Bb3xf7 { resign }
1-0

[Event "Match"]
[Site "www.echecsemail.com"]
[Date "2015.03.29"]
[Round "1"]
[White "Maestro"]
[Black "Generalfree"]
[WhiteElo "1910"]
[BlackElo "1790"]
[Result "1-0"]
[Round "1"]
1.e4 c5
2.Ng1f3 e6
3.d4 Bf8e7
4.c3 cxd4
5.cxd4 h6
6.Nb1c3 a6
7.Bf1e2 b5
8.O-O Bc8b7
9.a3 d6
10.Bc1e3 Ng8f6
11.Ra1c1 Nf6xe4
12.Nc3xe4 Bb7xe4
13.b4 d5
14.Nf3e5 Nb8d7
15.Ne5xd7 Qd8xd7
16.f3 Be4g6
17.Be2d3 Bg6xd3
18.Qd1xd3 f5
19.Be3f4 g5
20.Bf4e5 Rh8f8
21.Rc1c7 Qd7d8
22.Qd3c2 Be7f6
23.Qc2c6 { resign }
1-0

[Event "Match"]
[Site "www.echecsemail.com"]
[Date "2015.03.29"]
[Round "1"]
[White "Chapi"]
[Black "Chessjoker40"]
[WhiteElo "2040"]
[BlackElo "1809"]
[Result "1-0"]
[Round "1"]
1.d4 Ng8f6
2.c4 g6
3.Nb1c3 d5
4.cxd5 Nf6xd5
5.e4 Nd5xc3
6.bxc3 Bf8g7
7.Bf1c4 c5
8.Ng1f3 Nb8c6
9.O-O  { time }
1-0

[Event "Match"]
[Site "www.echecsemail.com"]
[Date "2015.03.29"]
[Round "1"]
[White "4knights"]
[Black "Generalfree"]
[WhiteElo "1780"]
[BlackElo "1820"]
[Result "1-0"]
[Round "1"]
1.d4 d5
2.c4 e6
3.Nb1c3 b6
4.Bc1f4 dxc4
5.Nc3b5 Nb8a6
6.e4 g6
7.Ng1f3 c6
8.Nb5c3 b5
9.a4 b4
10.Nc3b1 Ng8f6
11.Bf1xc4 Nf6xe4
12.O-O f6
13.Nb1d2 Ne4xd2
14.Qd1xd2 g5
15.Bf4g3 h5
16.h4 g4
17.Nf3e1 Bf8c5
18.Ne1c2 e5
19.Rf1e1 Kf8
20.Ra1d1 exd4
21.Nc2xd4 Bc5xd4
22.Qd2xd4 Qd8xd4
23.Rd1xd4 Bc8b7
24.Rd4d7 Na6c5
25.Bg3d6 { resign }
1-0

[Event "Match"]
[Site "www.echecsemail.com"]
[Date "2015.03.29"]
[Round "1"]
[White "Bojan"]
[Black "Joseph1983"]
[WhiteElo "2020"]
[BlackElo "2140"]
[Result "0-1"]
[Round "1"]
1.e4 e6
2.d4 d5
3.e5 c5
4.c3 Nb8c6
5.Bc1e3 cxd4
6.cxd4 Ng8e7
7.a3 Ne7f5
8.Qd1d2 Bf8e7
9.f4 Nf5xe3
10.Qd2xe3 Qd8b6
11.b4 Qb6xd4
12.Qe3xd4 Nc6xd4
13.Bf1d3 Bc8d7
14.Kd2 Nd4b3
15.Kc2 Bd7a4
16.Kb2 Nb3xa1
17.Kxa1 Ra8c8
18.Kb2 a6
19.Ng1f3 O-O
20.Nb1c3 Ba4d7
21.Rh1f1 Rc8c7
22.Nf3d4 Rf8c8
23.Rf1c1 f6
24.g3 fxe5
25.fxe5 Be7g5
26.Rc1c2 Bg5e3
27.Nd4e2 d4
28.Nc3d1 Rc7xc2
29.Bd3xc2 Bd7b5
30.Ne2f4 Be3xf4
31.gxf4 Rc8xc2
32.Kxc2 Bb5a4
33.Kd2 Ba4xd1
34.Kxd1 Kf7
35.Kd2 Kg6
36.Kd3 Kf5
{ resign }
0-1

[Event "Match"]
[Site "www.echecsemail.com"]
[Date "2015.03.29"]
[Round "1"]
[White "Kollipaa"]
[Black "Cardiff"]
[WhiteElo "2030"]
[BlackElo "1940"]
[Result "1/2-1/2"]
[Round "1"]
1.b4 c6
2.Bc1b2 Qd8b6
3.Bb2c3 d5
4.e3 Ng8f6
5.a4 Bc8f5
6.a5 Qb6c7
7.Ng1e2 Nb8d7
8.Ne2g3 e6
9.Bc3b2 Bf8e7
10.Ng3xf5 exf5
11.Nb1c3 O-O
12.Nc3e2 Nf6e4
13.Ne2g3 g6
14.d3 Ne4xg3
15.hxg3 Be7f6
16.Bb2xf6 Nd7xf6
17.Bf1e2 Rf8e8
18.O-O Ra8d8
19.Be2f3 Re8e7
20.Qd1c1 Rd8e8
21.Qc1b2 Qc7e5
22.d4 Qe5d6
23.Ra1c1 Nf6e4
24.Bf3xe4 fxe4
25.c4 dxc4
{ draw }
1/2-1/2

[Event "Match"]
[Site "www.echecsemail.com"]
[Date "2015.03.29"]
[Round "1"]
[White "Glenno"]
[Black "Ppawn"]
[WhiteElo "2360"]
[BlackElo "2060"]
[Result "1/2-1/2"]
[Round "1"]
1.e4 c5
2.Ng1f3 Nb8c6
3.d4 cxd4
4.Nf3xd4 Qd8b6
5.Nd4b3 Ng8f6
6.Nb1c3 e6
7.Bc1e3 Qb6c7
8.a3 d6
9.Bf1d3 Bf8e7
10.f4 a6
11.O-O b5
12.Qd1f3 Bc8b7
13.Qf3g3 g6
14.Nb3d4 Nf6h5
15.Qg3h3 Nc6xd4
16.Be3xd4 e5
17.Bd4e3 Nh5xf4
18.Be3xf4 exf4
19.Rf1xf4 Be7g5
20.Rf4f2 Qc7c5
21.Kf1 O-O
22.Ra1e1 Ra8e8
23.Qh3g3 Qc5e5
24.Qg3xe5 Re8xe5
25.g3 Bg5d8
26.h3 Kg7
27.Rf2f3 f5
28.Rf3f2 Bd8b6
29.Rf2f4 Rf8e8
30.Re1e2 fxe4
31.Nc3xe4 Bb6c7
32.Ne4g5 Re8e7
33.g4 h6
34.Ng5f3 Re5xe2
35.Bd3xe2 d5
36.Rf4d4 Bc7e5
37.Nf3xe5 Re7xe5
38.a4 Bb7c6
39.axb5 axb5
40.Kf2 Re5e4
41.Rd4xe4 dxe4
42.Ke3 Kf6
43.b4 Kg5
44.Be2f1 h5
45.Bf1g2 hxg4
46.hxg4 Kxg4
47.Bg2xe4 Bc6e8
48.Be4d3 g5
49.c4 bxc4
50.Bd3xc4 Kg3
51.b5 Be8xb5
52.Bc4xb5 g4
53.Bb5f1 Kh4
{ draw }
1/2-1/2

[Event "Match"]
[Site "www.echecsemail.com"]
[Date "2015.03.29"]
[Round "1"]
[White "Nugun"]
[Black "Kesalon"]
[WhiteElo "1600"]
[BlackElo "1830"]
[Result "0-1"]
[Round "1"]
1.c4 Ng8f6
2.g3 e5
3.Nb1c3 Bf8c5
4.e3 Nb8c6
5.Ng1e2 d6
6.d4 exd4
7.exd4 Bc5b4
8.Bf1g2 O-O
9.O-O Rf8e8
10.a3 Bb4xc3
11.bxc3 Bc8g4
12.f3 Bg4h5
13.Ne2f4 Bh5g6
14.Nf4xg6 hxg6
15.Bc1g5 Qd8d7
16.f4 Nf6e4
17.d5 Nc6a5
18.Qd1e2 Ne4xg3
19.Qe2d3 Ng3xf1
20.Ra1xf1 Qd7a4
21.c5 Qa4xa3
22.f5 Qa3xc5
23.Kh1 f6
24.Bg2h3 Re8e5
25.Bg5xf6 Re5e3
26.fxg6 Re3xd3
27.Bh3e6 Kh8
28.h4 Rd3xd5
{ resign }
0-1

[Event "Match"]
[Site "www.echecsemail.com"]
[Date "2015.03.29"]
[Round "1"]
[White "Guidom"]
[Black "Generalfree"]
[WhiteElo "2080"]
[BlackElo "1820"]
[Result "1-0"]
[Round "1"]
1.e4 c5
2.Ng1f3 e6
3.d4 a6
4.d5 exd5
5.exd5 Ng8f6
6.c4 Qd8e7
7.Qd1e2 Qe7xe2
8.Bf1xe2 d6
9.O-O h6
10.Nb1c3 Bc8g4
11.Bc1f4 g5
12.Bf4g3 Bg4xf3
13.Be2xf3 g4
14.Rf1e1 Kd7
15.Bf3e4 Nf6xe4
16.Nc3xe4 Kc7
17.Ne4xc5 Bf8g7
18.Ra1b1 Rh8d8
19.Re1e7 Nb8d7
20.Re7xf7 Bg7d4
21.Nc5e6 Kb6
22.Ne6xd4 { resign }
1-0

[Event "1/32 Finale"]
[Site "www.chess-mail.com"]
[Date "2015.03.29"]
[Round "1"]
[White "Emmanuel69"]
[Black "Chessmith19"]
[WhiteElo "1980"]
[BlackElo "2610"]
[Result "0-1"]
[Round "1"]
1.b3 e5
2.Bc1b2 Nb8c6
3.g3 d5
4.e3 Bc8f5
5.Bf1g2 Ng8f6
6.Ng1e2 h5
7.h3 Bf5e4
8.O-O Be4xg2
9.Kxg2 Qd8d7
10.a3 Bf8d6
11.d3 h4
12.g4 Nf6xg4
13.hxg4 Qd7xg4
14.Kh1 Qg4h3
15.Kg1 e4
16.Ne2f4 Bd6xf4
17.exf4 O-O-O
18.Nb1c3 Rd8d6
19.f3 Rd6g6
20.Kf2 Rg6g2
21.Ke3 d4
22.Kxe4 Qh3e6

0-1

[Event "1/128 Finale"]
[Site "www.chess-mail.com"]
[Date "2015.03.29"]
[Round "1"]
[White "Derfel83"]
[Black "Battlejanson"]
[WhiteElo "1850"]
[BlackElo "1689"]
[Result "1-0"]
[Round "1"]
1.e4 c5
2.Nb1c3 d6
3.f4 Nb8c6
4.Bf1c4 g6
5.Ng1f3 Bf8g7
6.d3 Bc8g4
7.O-O e6
8.Qd1e1 Bg4xf3
9.Rf1xf3 Nc6d4
10.Bc4b5 Nd4xb5
11.Nc3xb5 a6
12.Nb5c3 Ng8e7
13.a3 Ne7c6
14.Nc3e2 Qd8c7
15.f5 Bg7d4
16.Kh1 gxf5
17.c3 fxe4
18.dxe4 Bd4e5
19.Qe1h4 Qc7e7
20.Bc1g5 Qe7f8
21.Ra1f1 { resign }
1-0

[Event "Eq:Equipo Juan Diaz-Los Tercios : "]
[Site "www.chess-mail.com"]
[Date "2015.03.29"]
[Round "1"]
[White "Quetzaltcoal"]
[Black "Danquigley"]
[WhiteElo "2070"]
[BlackElo "2630"]
[Result "0-1"]
[Round "1"]
1.d4 Ng8f6
2.c4 g6
3.Nb1c3 d5
4.cxd5 Nf6xd5
5.e4 Nd5xc3
6.bxc3 Bf8g7
7.Bf1c4 O-O
8.Ng1e2 c5
9.O-O Nb8c6
10.Bc1e3 Nc6a5
11.Bc4d3 b6
12.Qd1d2 e5
13.d5 f5
14.f3 c4
15.Bd3c2 f4
 { time }
0-1

[Event "Eq:MondoScacchi-CONFOEDERATIONIS HELVETICAE : "]
[Site "www.chess-mail.com"]
[Date "2015.03.29"]
[Round "1"]
[White "Sonivano"]
[Black "Leo57"]
[WhiteElo "2360"]
[BlackElo "2760"]
[Result "0-1"]
[Round "1"]
1.e4 c5
2.Ng1f3 Nb8c6
3.d4 cxd4
4.Nf3xd4 e6
5.Nb1c3 Qd8c7
6.Nd4b5 Qc7b8
7.Bf1e2 a6
8.Nb5d4 Ng8f6
9.O-O Bf8d6
10.g3 b5
11.Be2f3 Nc6xd4
12.Qd1xd4 Bc8b7
13.Rf1e1 O-O
14.Bf3g2 Bd6e5
15.Qd4d3 Rf8c8
16.Nc3e2 d5
17.exd5 Nf6xd5
18.c3 Rc8d8
19.Qd3c2 Qb8c7
20.Qc2b3 Nd5b6
21.Bc1f4 Bb7xg2
22.Bf4xe5 Qc7b7
23.Ne2f4 Bg2h1
24.h4 Nb6c4
25.Re1e2 Bh1f3
26.Re2e1 Rd8d2
27.Ra1b1 Bf3e4
{ resign }
0-1

[Event "Fast Game"]
[Site "www.echecsemail.com"]
[Date "2015.03.29"]
[Round "1"]
[White "Knitwit"]
[Black "Generalfree"]
[WhiteElo "1599"]
[BlackElo "1620"]
[Result "0-1"]
[Round "1"]
1.e4 e5
2.Ng1f3 Nb8c6
3.Bf1c4 Ng8f6
4.O-O Bf8c5
5.g4 Nf6xg4
6.h3 Ng4f6
7.Nb1c3 d6
8.a3 Bc8xh3
9.Rf1e1 Qd8d7
10.Kh2 Bc5xf2
11.Re1f1 Bh3xf1
12.Qd1xf1 Nf6g4
13.Kh3 Ng4e3
14.Kh2 Ne3xc2
15.Ra1b1 Bf2d4
16.Qf1g2 g6
17.b4 Bd4xc3
18.dxc3 h5
19.Rb1b2 Nc2xa3
20.Bc4d5 Qd7g4
21.Rb2b3 Na3b5
22.c4 Nb5d4
23.Rb3d3 Nc6xb4
24.Rd3d2 Nd4xf3
25.Kh1 Qg4h4
26.Qg2h2 Nf3xh2
27.Bc1a3 Nh2f3
28.Rd2h2 Qh4xh2

0-1

[Event "Tourn. n8026"]
[Site "www.chess-mail.com"]
[Date "2015.03.30"]
[Round "1"]
[White "Amu92"]
[Black "Tenzinnima"]
[WhiteElo "2140"]
[BlackElo "2270"]
[Result "0-1"]
[Round "1"]
1.e4 e6
2.d4 d5
3.Nb1d2 Ng8f6
4.Bf1d3 c5
5.e5 Nf6d7
6.c3 Nb8c6
7.Ng1e2 cxd4
8.cxd4 f6
9.exf6 Nd7xf6
10.O-O Bf8d6
11.Nd2f3 Qd8b6
12.b3 O-O
13.Bc1f4 Bd6xf4
14.Ne2xf4 Nf6e4
 { time }
0-1

[Event "Tourn. n8143"]
[Site "www.chess-mail.com"]
[Date "2015.03.30"]
[Round "1"]
[White "Picifarkinca"]
[Black "Derfel83"]
[WhiteElo "1920"]
[BlackElo "1840"]
[Result "1-0"]
[Round "1"]
1.e4 c5
2.c4 a6
3.Nb1c3 e6
4.d4 cxd4
5.Qd1xd4 Nb8c6
6.Qd4d1 Bf8c5
7.Ng1h3 Qd8a5
8.Bc1d2 Bc5b4
9.Qd1c1 Ng8f6
10.f3 O-O
11.Bf1e2 Nc6d4
12.Be2d3 b5
13.O-O Qa5c7
14.cxb5 Bb4d6
15.g3 Bd6xg3
16.Kg2 Bg3xh2
17.Nh3f4 Bh2xf4
18.Bd2xf4 Qc7a5
19.Rf1h1 Bc8b7
20.Bf4e5 Qa5b4
21.Be5xf6 gxf6
22.Qc1h6 { resign }
1-0

[Event "Tourn. n8021"]
[Site "www.chess-mail.com"]
[Date "2015.03.30"]
[Round "1"]
[White "Hundegana"]
[Black "Samael"]
[WhiteElo "1910"]
[BlackElo "2090"]
[Result "1/2-1/2"]
[Round "1"]
1.e4 e5
2.Ng1f3 d6
3.c4 Ng8f6
4.Nb1c3 Nb8c6
5.a3 a6
6.d4 exd4
7.Nf3xd4 Bc8d7
8.Bc1g5 Bf8e7
9.Bg5xf6 Be7xf6
10.Nd4c2 Bf6xc3
11.bxc3 O-O
12.Ra1b1 Rf8e8
13.Bf1d3 b6
14.O-O Nc6e5
15.f4 Ne5xd3
16.Qd1xd3 a5
17.Rf1f3 Kh8
18.Rb1f1 Bd7c6
19.Rf3e3 Qd8d7
20.Nc2d4 Ra8d8
21.Nd4xc6 Qd7xc6
22.Qd3d5 Qc6xd5
23.cxd5 Kg8
24.g4 Kf8
25.Kg2 Re8e7
26.Kf3 Rd8e8
27.h4 h6
28.g5 hxg5
29.hxg5 g6
30.Rf1h1 Kg7
31.c4 Re8h8
32.Rh1xh8 Kxh8
33.Re3e1 Kg7
34.a4 Re7e8
35.Re1h1 Re8h8
36.Rh1xh8 Kxh8
37.Ke3 Kg7
38.Kd4 f6
39.e5 fxe5
40.fxe5 Kf7
41.e6 Ke7
42.Kc3 Ke8
43.Kd4 Ke7
44.Ke4 Ke8
45.Kf4 { draw }
1/2-1/2

[Event "Tourn. n8074"]
[Site "www.chess-mail.com"]
[Date "2015.03.30"]
[Round "1"]
[White "Emmanuelasi"]
[Black "Faerieking"]
[WhiteElo "2250"]
[BlackElo "2220"]
[Result "1-0"]
[Round "1"]
1.e4 e5
2.Ng1f3 Nb8c6
3.Bf1b5 a6
4.Bb5a4 Ng8f6
5.O-O b5
6.Ba4b3 Bf8e7
7.Rf1e1 O-O
8.d4 exd4
9.e5 Nf6e8
10.c3 dxc3
11.Nb1xc3 Bc8b7
12.Bb3d5 Kh8
13.Nc3e4 f6
14.Bc1e3 fxe5
15.Nf3g5 Be7xg5
16.Ne4xg5 Ne8f6
17.Ng5f7 Rf8xf7
18.Bd5xf7 Qd8e7
19.Bf7b3 d6
20.Be3g5 Qe7f8
21.Bg5xf6 Qf8xf6
22.Bb3d5 Ra8f8
23.f3 Rf8c8
24.Ra1c1 { resign }
1-0

[Event "Tourn. n8062"]
[Site "www.chess-mail.com"]
[Date "2015.03.30"]
[Round "1"]
[White "Groz"]
[Black "Falcoale"]
[WhiteElo "1809"]
[BlackElo "1810"]
[Result "0-1"]
[Round "1"]
1.d4 Ng8f6
2.Ng1f3 e6
3.c4 b6
4.g3 Bc8b7
5.Bf1g2 Bf8e7
6.Nb1c3 c6
7.O-O O-O
8.Bc1g5 h6
9.Bg5c1 d5
10.b3 Qd8c8
11.Bc1b2 Nb8d7
12.Nf3d2 Rf8d8
13.e4 dxe4
14.Nc3xe4 Nf6xe4
15.Nd2xe4 Ra8b8
16.Qd1g4 Nd7f6
17.Ne4xf6 Be7xf6
18.Rf1d1 c5
19.Bg2xb7 Rb8xb7
20.Rd1d2 Rb7d7
21.Ra1d1 Rd7d6
22.dxc5 Rd6xd2
23.Rd1xd2 Rd8xd2
24.Bb2xf6 g6
25.Qg4f4 Rd2d1
{ resign }
0-1